000 02242nam a22002657a 4500
005 20150428142023.0
010 _aENG-112412-424
020 _c500.00 (app.) each vol.
035 _aEN-95944-956
037 _bDBAD/PUB
082 _a347.052
100 _aManohar, V.R.
245 _aThe AIR manual :
_bunrepealed central acts (civil and criminal) /
_cby V.R. Manohar [and} W.W. Chitaley
250 _a6th ed
260 _aNagpur
_bThe All India Reporter
_c2004
270 _aPost Box No. 209, Congress Nagar
_bNagpur
_e440118
300 _aV.21-33 (xxii,1342p.; cviii,1325p.; xii,1260p.; xii,1308p.; xix,1388p.; xii,1336p.; xxiv,1300p.; xxiv,1192p.; xvi,1172p.; xvi,976p.; xl,1152p.; xx,1156p.; xii,1144p.)
_c25cm (Hb)
490 _aA.I.R. Publication
505 _aV.21- Drugs and cosmetics act (1940) to essential commodities act (1955) Section 3. V.22- Essential commodities act (1955) Section 4 to evidence act (1872) Section 90A (with amending acts, amending principal acts incorporated in vols. 1-20 - see page xiv). V.23- Evidence act (1872) Section 91 to factories act (1948). V.24- Family courts act (1948) to finance act (2011). V.25- Finance commission (miscellaneous provisions) act, 1951(33 of 1951) to Gresham and craven of india (private) limited (acquisition and transfer of undertakings) act, 1977 (42 of 1977). V.26- Guardians and wards act, 1890 to income-tax act 1961 section 9. V.27- Income-tax act, 1961 section 10 to section 138. V.28- Income-tax act, 1961 section 139 to Indira Gandhi national tribal university act, 2007. V.29- Indo-tibetan border police force act, 1992 to Industrial disputes (amendment and miscellaneous provisions) act, 1956. V.30- Industrial disputes (banking and insurance companies)act, 1949 to Lalit Kala Akadami (taking over of management) act, 1997. V.31- Land acquisition (mines) act, 1885 to Limitation act, 1963 article 60. V.32- Limitation act, 1963 article 61 to medical council act, 1956 first schedule. V.33- Medical council act, 1956 first schedule (contd.) to motor transport workers act, 1961.
650 _aLaw
650 _aCivil law
650 _aCriminal law
700 _aChitaley, W.W
_916093
942 _2ddc
_cEN
_h347.052
_mMAN
999 _c92413
_d92413